01874 a2200217 45000010006000000050017000060080041000230030015000640400040000790800033001192450043001520200018001952640032002133000023002455051218002680410008014861000021014947000021015157000021015368560099015574487520260407155723.0260407a1997 arg spa dAR-UNSa-BCEJYS aAR-UNSa-BCEJYSbspacAR-UNSa-BCEJYS a330.101.541xMacroeconomía10aMacroeconomíapteoría y política a84-481-0968-6 1aMadrid :bMcGraw-Hillc1997 axi, 565 p.c25 cm. a1. El enfoque macroeconómico - 2. Magnitudes macroeconómicas – 3. La economía de Robinson Crusoe – 4. La restricción presupuestaria básica y la demanda de dinero – 5. La restricción presupuestaria intertemporaria y la demanda de crédito – 6. El modelo básico de vaciado de mercado - 7. El mercado de trabajo – 8. Los mercados mundiales de bienes y de crédito – 9. La inflación y los tipos de interés: una introducción – 10. Dinero, inflación y tipos de interés en el modelo de vaciado de mercado – 11. La intermediación financiera – 12. Las relaciones monetarias internacionales – 13. La inversión y los ciclos reales – 14. El desempleo – 15. El crecimiento económico – 16. El gasto público en bienes y servicios – 17. Los impuestos y las transferencias – 18. La deuda pública – 19. La inversión y la política fiscal en la economía mundial – 20. La interacción entre las variables nominales y las reales - 21. El dinero y las fluctuaciones económicas en el modelo de vaciado de mercado – 22. La teoría keynesiana de las fluctuaciones económicas – 23. Políticas monetarias, credibilidad y coordinación internacional -  aspa1 aGrilli, Vittorio1 aBarro, Robert J.1 aFebrero, Ramón41uhttps://www.biblioeco.unsa.edu.ar/pmb/images/libros/L127008.jpgyImagen de portadaqimage/jpeg